[Event "Sparkassen-Open J"]
[Site "Heusenstamm, Martinsee"]
[Date "2018.11.25"]
[Round "7.9"]
[White "Kanno, Clara Yumi"]
[Black "Yang, Marco"]
[Result "1-0"]
[WhiteElo "1140"]
[BlackElo "1278"]
[PlyCount "65"]
[EventDate "2018.??.??"]
[WhiteTeam "SK Altenkirchen"]
[BlackTeam "SK Mannheim-Lindenhof"]

1. e4 c5 2. Nf3 d6 3. d4 cxd4 4. Nxd4 Nf6 5. Nc3 g6 6. Be3 Bg7 7. Qd2 O-O 8.
Bh6 Nc6 9. Nxc6 bxc6 10. Bc4 Rb8 11. Bxg7 Kxg7 12. O-O Rb4 13. Bb3 Nxe4 14.
Nxe4 Rxe4 15. Qd3 Bf5 16. Qc3+ Kg8 17. Qxc6 Qc8 18. Qxc8 Rxc8 19. c3 Re2 20.
Rfe1 Rxb2 21. Rxe7 Rxc3 22. h3 Bc2 23. Bxf7+ Kf8 24. Rxa7 Bf5 25. a4 Rcc2 26.
Rf1 Bd3 27. Re1 Rd2 28. Re8+ Kg7 29. Bg8+ Kf6 30. Rf7+ Kg5 31. g3 Re2 32. f4+
Kh5 33. Rxh7# 1-0

[Event "Sparkassen-Open J"]
[Site "Heusenstamm, Martinsee"]
[Date "2018.11.25"]
[Round "7.10"]
[White "Bauer, Laura Sophie"]
[Black "Ã–zyar, Arin"]
[Result "0-1"]
[WhiteElo "1366"]
[BlackElo "1134"]
[PlyCount "44"]
[EventDate "2018.??.??"]
[WhiteTeam "SC Postbauer-Heng"]
[BlackTeam "SC Bad Soden"]

1. e4 e5 2. Nf3 Nc6 3. Bc4 Bc5 4. Nc3 Nf6 5. d3 d6 6. h3 Na5 7. O-O Nxc4 8.
dxc4 Be6 9. b3 O-O 10. Bg5 h6 11. Bh4 c6 12. Bxf6 Qxf6 13. Na4 Bb4 14. Qd3 Qg6
15. Ne1 f5 16. g4 fxe4 17. Qe3 h5 18. c3 Ba5 19. Nc2 Rf3 20. Qe2 Bxg4 21. hxg4
Qxg4+ 22. Kh1 Rh3# 0-1

[Event "Sparkassen-Open J"]
[Site "Heusenstamm, Martinsee"]
[Date "2018.11.25"]
[Round "7.11"]
[White "Moldenhauer, Nils"]
[Black "Hentschker, Josefin"]
[Result "0-1"]
[WhiteElo "1019"]
[BlackElo "1162"]
[PlyCount "52"]
[EventDate "2018.??.??"]
[WhiteTeam "SV Oberursel"]
[BlackTeam "VSG Offenbach"]

1. e4 e5 2. Nf3 Nc6 3. Bc4 Bc5 4. d3 h6 5. Be3 Bb6 6. Nc3 Nf6 7. O-O d6 8. h3
Be6 9. Bb3 O-O 10. Re1 Re8 11. d4 exd4 12. Nxd4 Bxb3 13. Nxb3 Nxe4 14. Nxe4
Rxe4 15. Bxb6 Rxe1+ 16. Qxe1 axb6 17. Nd2 Qf6 18. c3 Kf8 19. Nf3 Re8 20. Qd2
Qe6 21. b3 Ne5 22. Nd4 Qd7 23. Re1 c5 24. Nc2 Qf5 25. Ne3 Qg6 26. Nd5 Nf3+ 0-1

[Event "Sparkassen-Open J"]
[Site "Heusenstamm, Martinsee"]
[Date "2018.11.25"]
[Round "7.12"]
[White "Czinkota, Michael"]
[Black "Bako, Evelin"]
[Result "0-1"]
[WhiteElo "1158"]
[BlackElo "1002"]
[PlyCount "40"]
[EventDate "2018.??.??"]
[WhiteTeam "SC Bad Soden"]
[BlackTeam "TSV Langenau"]

1. e4 e5 2. Nf3 Nf6 3. Nc3 Nc6 4. Bc4 Nxe4 5. Bxf7+ Kxf7 6. Nxe4 Be7 7. O-O d5
8. Ng3 e4 9. Ne1 Bf6 10. d3 Re8 11. c3 b6 12. Qa4 a5 13. dxe4 Re6 14. Nh5 Qe8
15. f3 dxe4 16. fxe4 Kg8 17. Qc4 Ba6 18. Qd5 Bxf1 19. Kxf1 Kf8 20. Bg5 Re5 0-1

[Event "Sparkassen-Open J"]
[Site "Heusenstamm, Martinsee"]
[Date "2018.11.25"]
[Round "7.13"]
[White "Merz, Leander"]
[Black "Kautz, Christopher"]
[Result "1-0"]
[WhiteElo "1114"]
[BlackElo "958"]
[PlyCount "131"]
[EventDate "2018.??.??"]
[WhiteTeam "Schachforum Darmstadt"]
[BlackTeam "SK GrÃ¼ndau"]

1. e4 e5 2. Nf3 Nc6 3. Nc3 Bc5 4. Bc4 Nf6 5. d3 d6 6. Bg5 h6 7. Bh4 Qe7 8. Nd5
Qd8 9. Bxf6 gxf6 10. h3 Be6 11. Bb3 Bxd5 12. Bxd5 Rg8 13. Rg1 Qd7 14. c3 O-O-O
15. d4 exd4 16. cxd4 Bb6 17. Qb3 Rgf8 18. O-O-O Rde8 19. Rge1 Re7 20. e5 fxe5
21. dxe5 Nxe5 22. Nxe5 Qf5 23. Nd3 Rxe1 24. Rxe1 Qg5+ 25. Kd1 c6 26. Bxf7 Ba5
27. Qe6+ Kc7 28. Qe7+ Qxe7 29. Rxe7+ Kd8 30. Rxb7 Bb6 31. Rb8+ Ke7 32. Rxf8
Kxf8 33. Bh5 c5 34. Kc2 c4 35. Nf4 Bxf2 36. Kc3 Ke7 37. Kxc4 Kf6 38. Kd5 Kg5
39. Nd3 Bg3 40. Bf3 a5 41. a3 a4 42. Nc1 Kf6 43. b3 axb3 44. Nxb3 Ke7 45. a4
Kd7 46. a5 Kc8 47. Nd4 Kb7 48. Nc6 Ka6 49. Ke4 Kb7 50. Kf5 Ka6 51. Kg4 Bh2 52.
Kh5 Bf4 53. h4 Kb7 54. g4 Ka6 55. g5 hxg5 56. hxg5 Bxg5 57. Kxg5 d5 58. Bxd5
Kb7 59. Kf6 Ka6 60. Ke6 Kb7 61. Kd6 Ka6 62. Kc5 Kb7 63. Kb5 Ka8 64. Nb4+ Ka7
65. a6 Kb8 66. Kb6 1-0

[Event "Sparkassen-Open J"]
[Site "Heusenstamm, Martinsee"]
[Date "2018.11.25"]
[Round "7.14"]
[White "GÃ¤rtner, Johannes"]
[Black "Culha, Merve"]
[Result "1-0"]
[WhiteElo "1077"]
[BlackElo "812"]
[PlyCount "107"]
[EventDate "2018.??.??"]
[WhiteTeam "SF Heidesheim"]
[BlackTeam "SC Heusenstamm"]

1. d4 d5 2. Bf4 Nc6 3. e3 f6 4. Nf3 Bf5 5. Bd3 e6 6. Bxf5 exf5 7. O-O Bd6 8.
Bxd6 Qxd6 9. Qd3 Nh6 10. Nbd2 Nb4 11. Qb5+ c6 12. Qxb7 O-O 13. c4 Rfb8 14. c5
Qe6 15. Qc7 f4 16. Rae1 Nc2 17. Re2 Rxb2 18. Rb1 Rab8 19. Rxb2 Rxb2 20. h3 Nb4
21. Qxf4 Nd3 22. Qc7 Ng4 23. Qd6 Qc8 24. hxg4 Qxg4 25. Qg3 Qh5 26. Qh3 Qf7 27.
Qc8+ Qf8 28. Qxf8+ Kxf8 29. e4 Rxa2 30. exd5 Ra1+ 31. Kh2 cxd5 32. Re6 Nxc5 33.
dxc5 Rc1 34. Nb3 Rc3 35. Nfd4 Kf7 36. Rd6 g5 37. Rd7+ Kg6 38. Rxa7 h5 39. c6 g4
40. c7 h4 41. Ne6 d4 42. Nbxd4 f5 43. Ra8 g3+ 44. fxg3 hxg3+ 45. Kh3 f4 46.
Nxf4+ Kg5 47. c8=Q Rxc8 48. Rxc8 Kxf4 49. Rf8+ Ke3 50. Kxg3 Kxd4 51. Re8 Kd5
52. Kf4 Kd4 53. Rd8+ Kc5 54. Ke5 1-0

[Event "Sparkassen-Open J"]
[Site "Heusenstamm, Martinsee"]
[Date "2018.11.25"]
[Round "7.16"]
[White "Jelinek, Tim"]
[Black "Laux, Filip"]
[Result "0-1"]
[WhiteElo "773"]
[BlackElo "1053"]
[PlyCount "144"]
[EventDate "2018.??.??"]
[WhiteTeam "SC Kahl"]
[BlackTeam "VSG Offenbach"]

1. e4 c6 2. d4 d5 3. e5 Bf5 4. Bd3 Bg6 5. Nf3 e6 6. Bxg6 hxg6 7. Nc3 c5 8. dxc5
Bxc5 9. Be3 Bb6 10. Qd3 Nc6 11. Bg5 f6 12. exf6 gxf6 13. Qxg6+ Kd7 14. Qf7+ Qe7
15. Qxe7+ Kxe7 16. Bd2 d4 17. Ne4 e5 18. O-O-O Rc8 19. a3 f5 20. Ng3 Kf6 21. c3
e4 22. Nxd4 Nxd4 23. c4 Rxc4+ 24. Kb1 Nb3 25. Bc3+ Bd4 26. Ka2 Bxc3 27. Kxb3
Ne7 28. Kxc4 Bxb2 29. Kb3 Be5 30. f3 f4 31. Nxe4+ Ke6 32. h4 Nc6 33. Nc5+ Kf6
34. Nd7+ Ke6 35. Nxe5 Kxe5 36. Rde1+ Kf5 37. Re4 Na5+ 38. Kb4 Nc6+ 39. Kc5 Na5
40. Kb5 Nb3 41. h5 a6+ 42. Kb6 Rh6+ 43. Kxb7 Nc5+ 44. Kc7 Nxe4 45. fxe4+ Kxe4
46. Re1+ Kf5 47. Rh1 Kg4 48. Kb7 Kg3 49. Rd1 Kxg2 50. Rd2+ Kg3 51. Rb2 Kg4 52.
Rb6 Kxh5 53. Rxh6+ Kxh6 54. Kxa6 f3 55. a4 f2 56. a5 f1=Q+ 57. Kb6 Qf6+ 58. Kb5
Qe5+ 59. Kb6 Qd6+ 60. Kb5 Qb8+ 61. Ka4 Qa7 62. Kb5 Kg6 63. a6 Kf6 64. Kc4 Qxa6+
65. Kb4 Qc6 66. Ka5 Qb7 67. Ka4 Ke5 68. Ka5 Kd5 69. Ka4 Kc5 70. Ka3 Kc4 71. Ka2
Kc3 72. Ka1 Qb2# 0-1

[Event "Sparkassen-Open J"]
[Site "Heusenstamm, Martinsee"]
[Date "2018.11.25"]
[Round "7.17"]
[White "Fischer, Juliane"]
[Black "Hentschker, Merlin"]
[Result "0-1"]
[WhiteElo "874"]
[BlackElo "959"]
[PlyCount "84"]
[EventDate "2018.??.??"]
[WhiteTeam "SK Gernsheim"]
[BlackTeam "VSG Offenbach"]

1. e4 e5 2. Nf3 Nc6 3. Nc3 Bc5 4. Nxe5 Nxe5 5. d4 Bxd4 6. Qxd4 Qf6 7. f4 Nf3+
8. gxf3 Qxd4 9. Bd3 Nf6 10. Bd2 O-O 11. O-O-O d6 12. Nb5 Qa4 13. a3 a6 14. Nc3
Qe8 15. Rhg1 Qd7 16. Nd5 Nxd5 17. exd5 Qh3 18. Rg3 Qxh2 19. Rdg1 g6 20. Rg5 Qh3
21. Be4 Kh8 22. Bc3+ f6 23. R5g3 Qd7 24. Rh1 Kg7 25. Rgh3 Qxh3 26. Rxh3 Bxh3
27. Kd2 Bf5 28. Bxf5 gxf5 29. Ba5 b6 30. Bc3 Rae8 31. Bd4 h5 32. Bf2 Re7 33.
Be3 h4 34. Bf2 h3 35. Bg3 Rh8 36. Kc3 h2 37. Bxh2 Rxh2 38. Kb3 Re3+ 39. Ka2
Rxf3 40. b4 Rxc2+ 41. Kb1 Re2 42. Ka1 Rf1# 0-1

[Event "Sparkassen-Open J"]
[Site "Heusenstamm, Martinsee"]
[Date "2018.11.25"]
[Round "7.18"]
[White "von Knorre, Christoph"]
[Black "Scheerer, Amelie"]
[Result "1-0"]
[WhiteElo "970"]
[BlackElo "908"]
[PlyCount "111"]
[EventDate "2018.??.??"]
[WhiteTeam "VSG Offenbach"]
[BlackTeam "SV Ffm-Griesheim"]

1. e4 e5 2. Nf3 Nc6 3. Bc4 Bc5 4. c3 Nf6 5. d4 exd4 6. O-O d5 7. cxd4 dxc4 8.
dxc5 O-O 9. Bg5 Bg4 10. Nbd2 Ne5 11. b3 Nxf3+ 12. Nxf3 Qxd1 13. Raxd1 cxb3 14.
Bxf6 gxf6 15. axb3 Bxf3 16. gxf3 Rad8 17. Ra1 Rd3 18. Rxa7 Rxb3 19. Rd1 Kh8 20.
Kh1 Rg8 21. Rg1 c6 22. Rxg8+ Kxg8 23. Ra8+ Kg7 24. Kg2 b6 25. cxb6 Rxb6 26. Rc8
Kg6 27. f4 Rb4 28. f3 f5 29. Rxc6+ f6 30. e5 Kf7 31. e6+ Ke7 32. Kg3 h5 33.
Rc7+ Kxe6 34. Rh7 h4+ 35. Rxh4 Kf7 36. Rh5 Kg6 37. Rh8 Rb1 38. h4 Rg1+ 39. Kf2
Rh1 40. Kg2 Kg7 41. Kxh1 Kxh8 42. Kg2 Kh7 43. Kf2 Kh6 44. Ke3 Kh5 45. Kd4 Kxh4
46. Kd5 Kg3 47. Ke6 Kxf3 48. Kxf5 Ke2 49. Kxf6 Kf3 50. f5 Kg4 51. Ke6 Kg5 52.
f6 Kg6 53. Ke7 Kh7 54. f7 Kh8 55. f8=Q+ Kh7 56. Qf1 1-0

[Event "Sparkassen-Open J"]
[Site "Heusenstamm, Martinsee"]
[Date "2018.11.25"]
[Round "7.19"]
[White "Grebe, Sabrina"]
[Black "Heuberger, Melanie"]
[Result "1-0"]
[WhiteElo "901"]
[BlackElo "774"]
[PlyCount "79"]
[EventDate "2018.??.??"]
[WhiteTeam "SC Heusenstamm"]
[BlackTeam "SV RÃ¼dersdorf"]

1. e4 e5 2. Nf3 Nc6 3. Bc4 Bc5 4. c3 Nf6 5. d4 exd4 6. e5 Ng4 7. cxd4 Bb4+ 8.
Nc3 Ba5 9. h3 Nh6 10. a3 Bb6 11. O-O O-O 12. Re1 d5 13. exd6 cxd6 14. Bg5 Qc7
15. Nb5 Qd7 16. b4 Nf5 17. d5 Ncd4 18. Nfxd4 Nh6 19. Rc1 Nf5 20. Qf3 Nxd4 21.
Nxd4 Bxd4 22. Rcd1 Be5 23. Bd3 f6 24. Bf5 Qe7 25. Bf4 Bxf5 26. Qg3 Qf7 27. Qf3
Bxf4 28. Qxf4 g5 29. Qxf5 Rae8 30. a4 Re7 31. Kf1 Rfe8 32. a5 Re5 33. Qd3 Qe7
34. Rxe5 Qxe5 35. Qd2 f5 36. Qxg5+ Kh8 37. g3 Qe2+ 38. Kg2 Qxd1 39. Qxf5 Re5
40. Qf8# 1-0

[Event "Sparkassen-Open J"]
[Site "Heusenstamm, Martinsee"]
[Date "2018.11.25"]
[Round "7.20"]
[White "Matsoukas, Konstantinos"]
[Black "Yang, Sophie"]
[Result "1-0"]
[WhiteElo "866"]
[BlackElo "759"]
[PlyCount "127"]
[EventDate "2018.??.??"]
[WhiteTeam "Frankfurter TV"]
[BlackTeam "SK Mannheim-Lindenhof"]

1. Nf3 d5 2. c4 dxc4 3. Qa4+ Bd7 4. Qxc4 Nc6 5. Ng5 Be6 6. Nxe6 fxe6 7. Qxe6
Qd6 8. Qxd6 exd6 9. e4 O-O-O 10. d4 Nxd4 11. Bd3 Kb8 12. O-O Nf6 13. Be3 Nc6
14. Nc3 Be7 15. Rad1 d5 16. exd5 Nxd5 17. Nxd5 Rxd5 18. Rfe1 Rhd8 19. Bc2 Bb4
20. Rf1 Rxd1 21. Bxd1 g6 22. Bc2 Ka8 23. a3 Ba5 24. b4 Bb6 25. Bxb6 cxb6 26. b5
Nd4 27. Ba4 Ne2+ 28. Kh1 Kb8 29. h3 Kc7 30. Re1 Nf4 31. Rc1+ Kb8 32. Re1 Kc7
33. g3 Ne6 34. Rxe6 a6 35. bxa6 bxa6 36. Rc6+ Kb7 37. Rf6 b5 38. Rf7+ Kb6 39.
Bc2 Rd2 40. Rf6+ Ka5 41. Bb3 Re2 42. Rf7 h6 43. Rf6 Re1+ 44. Kg2 Rb1 45. Bc2
Rc1 46. Bxg6 Ka4 47. Bh5 Kxa3 48. Rxh6 b4 49. Bg6 b3 50. Bh7 b2 51. Rxa6+ Kb3
52. Bg8+ Kc2 53. Rc6+ Kd1 54. Bb3+ Kd2 55. Rd6+ Kc3 56. Ba2 b1=N 57. Bxb1 Rxb1
58. f4 Kc4 59. f5 Kc5 60. Rd8 Kc6 61. f6 Kc7 62. Rd2 Rb6 63. f7 Rf6 64. Rf2 1-0

[Event "Sparkassen-Open J"]
[Site "Heusenstamm, Martinsee"]
[Date "2018.11.25"]
[Round "7.21"]
[White "Milman, Sophie"]
[Black "Bako, Isabella"]
[Result "1-0"]
[WhiteElo "704"]
[BlackElo "820"]
[PlyCount "93"]
[EventDate "2018.??.??"]
[WhiteTeam "SC Heusenstamm"]
[BlackTeam "TSV Langenau"]

1. e4 e5 2. Nf3 Nc6 3. Nc3 Nf6 4. Bc4 Bc5 5. d3 d6 6. h3 Nd4 7. Nxd4 Bxd4 8.
Nb5 O-O 9. Nxd4 exd4 10. O-O Bd7 11. Bg5 Bc6 12. Bxf6 Qxf6 13. Qh5 Rae8 14. f3
Re5 15. Qg4 Qg5 16. Rae1 Qxg4 17. fxg4 d5 18. Bxd5 Bxd5 19. exd5 Rfe8 20. Kf2
Rxe1 21. Rxe1 Rxe1 22. Kxe1 Kf8 23. Ke2 Ke7 24. Kf3 Kd6 25. Ke4 c6 26. Kxd4
cxd5 27. c4 dxc4 28. dxc4 Ke6 29. b4 Kd6 30. c5+ Kc6 31. g5 b6 32. Kc4 Kb7 33.
b5 bxc5 34. Kxc5 a6 35. b6 f6 36. gxf6 gxf6 37. g4 h6 38. a4 h5 39. a5 hxg4 40.
hxg4 Kb8 41. Kc6 Ka8 42. b7+ Kb8 43. Kb6 f5 44. Kxa6 fxg4 45. Kb6 g3 46. a6 g2
47. a7# 1-0

[Event "Sparkassen-Open J"]
[Site "Heusenstamm, Martinsee"]
[Date "2018.11.25"]
[Round "7.23"]
[White "Gruiosu, Paul Gabriel"]
[Black "Ninnemann, Patrick"]
[Result "1-0"]
[WhiteElo "793"]
[BlackElo "799"]
[PlyCount "61"]
[EventDate "2018.??.??"]
[WhiteTeam "SG Trier"]
[BlackTeam "Chess Tigers"]

1. e4 e5 2. Nf3 Nc6 3. Nc3 Nf6 4. Bc4 Bc5 5. h3 d6 6. O-O Bd7 7. d3 O-O 8. a3
Re8 9. Re1 Qe7 10. Be3 Bxe3 11. fxe3 Be6 12. Nd5 Bxd5 13. exd5 Na5 14. e4 Nxc4
15. dxc4 c5 16. b4 b6 17. b5 a5 18. a4 Rad8 19. Nh4 g6 20. Rf1 Nxe4 21. Qg4 Nd2
22. Rfd1 Nxc4 23. Qxc4 h5 24. Qe4 g5 25. Nf5 Qf6 26. Rf1 h4 27. Nxh4 gxh4 28.
Rxf6 Kg7 29. Raf1 Rh8 30. Rxf7+ Kg8 31. Qg6# 1-0